Normale Ansicht MARC-Ansicht ISBD

Ein Auf und Ab in der Oderstadt. (Titelsatznr. 372454)

[ MARC ]
MARC-Details
000 -Satzkennung
Kontrollfeld mit fester Länge 00874nab a2200217 4500
001 - Kontrollnummer
Kontrollfeld 244442
003 - Kontrollnummer Identifier
Kontrollfeld OSt
005 - Datum und Zeit der letzten Transaktion
Kontrollfeld 20230516102358.0
007 - Feld mit fester Länge zur physischen Beschreibung - Allgemeine Information
Kontrollfeld mit fester Länge tu
008 - Feld mit fester Länge zur physischen Beschreibung - Allgemeine Angaben
Kontrollfeld mit fester Länge 200917s2020|||||||
040 ## - Katalogisierungsquelle
Original-Katalogisierungsstelle DE-2950
Übertragungsstelle DE-2950
245 00 - Titel
Titel Ein Auf und Ab in der Oderstadt.
Zusatz zum Titel Wirtschaft. laut dem Prognos-Zukunftatlas 2022 hat Frankfurt überdurchschnittliches Standortpotenzial - doch kaum ein auswärtiges Unternehmen investiert hier. Prognos-Projektleiter Bernhard Wankmüller hat sich die Daten bei der Veranstaltung im BIC genauer angeschaut /
Verfasserangabe etc. Heinz Kannenberg
264 ## - Produktion, Veröffentlichung, Distribution, Herstellung und Urheberrechtsvermerk
Datum der Herstellung, der Veröffentlichung, des Vertriebs oder des Urheberschutzvermerks 2023
653 ## - Indexierungsterm - Nicht normiert
Nicht-normierter Term Frankfurt (Oder)
653 ## - Indexierungsterm - Nicht normiert
Nicht-normierter Term Veranstaltung zum Wirtschaftsstandort
653 ## - Indexierungsterm - Nicht normiert
Nicht-normierter Term Wankmüller, Bernhard; Prognos-Projektleiter
653 ## - Indexierungsterm - Nicht normiert
Nicht-normierter Term Zahlen
653 ## - Indexierungsterm - Nicht normiert
Nicht-normierter Term Zukunftsatlas
773 0# - Übergeordnete Einheit
Verknüpfungsangaben 34. Jahrgang (2023) Nr. 105 vom 06.05.2023, S. 19
Titel Märkische Oderzeitung
942 ## - Zusätzliche Felder (Koha)
Klassifikation oder Aufstellungssystematik Andere/Generische Klassifikation
Koha-Medientyp Aufsätze
Exemplare
Ausgeschieden Verloren Klassifikation oder Aufstellungssystematik Beschädigt Nicht entleihbar Heimatbibliothek Aufenthaltsbibliothek Aufstellungsort Erwerbungsdatum Anzahl Ausleihen Signatur Letzte Aktivität Preis gültig von Koha-Medientyp
    Andere/Generische Klassifikation     Stadtarchiv Frankfurt (Oder) | Archivbibliothek Stadtarchiv Frankfurt (Oder) | Archivbibliothek Magazin 10/05/2023   Z2 16/05/2023 16/05/2023 Aufsätze